| 000 | 00791nam a22001937a 4500 | ||
|---|---|---|---|
| 005 | 20241017143346.0 | ||
| 010 | _aHIN-128683 | ||
| 020 |
_c1000.00 _a9789380775319 |
||
| 035 | _aHN-101029 | ||
| 037 | _bDBAD | ||
| 082 | _a306.095403 | ||
| 100 |
_aबाहरी , हरदेव _972919 |
||
| 245 |
_aप्राचीन भारतीय संस्कृति कोश / _cहरदेव बाहरी |
||
| 260 |
_aदिल्ली _bगीतांजलि प्रकशन _c2022 |
||
| 270 |
_a418, महाराम मोहल्ला , विश्वास नगर _bदिल्ली _e110032 |
||
| 300 |
_a336पृ. _c22सेमी. (सजिल्द) |
||
| 700 | _972903 | ||
| 942 |
_2ddc _cHN _h306.095403 _mबाहरी |
||
| 999 |
_c206463 _d206463 |
||